000 00421nam a22001697a 4500
003 MPLRDC
005 20220104162647.0
008 210129b ||||| |||| 00| 0 eng d
020 _a434-98457-4
082 _a524.9692 WHI 1978
100 _aGEOFFREY WHITEHEAD
245 _aBUSINESS AND ADMINISTRATIVE ORGANISATION
_c
260 _a
_bHEINEMANN
_c1978
300 _b
650 _a
942 _cBK
_o524.9692 WHI 1978
999 _c56076
_d56066